Представление документа в формате MARC21

Поле Инд. ПП Название Значение
Тип записи a
Библиографический уровень m
001 Контрольный номер 4cc810c1c14949c9a42ea3dd7e066e6c
005 Дата корректировки 20240618164857.8
040 a Служба первич. каталог. НБ ТвГУ
b Код языка каталог. rus
e Правила каталог. PSBO
041 0_ a Код языка текста rus
080 a Индекс УДК 811.111(043.3)
084 a Индекс другой классификации/Индекс ББК Ш143.21-006я031
090 x Авторский знак Н 76
a Полочн. индекс Ш143.21
097 b Оператор Khokhlova.SV
100 1_ a Автор Новоселова Ольга Владимировна
e Роль лиц Автор
110 2_ a Организация/ юрисдикция Тверской государственный университет
245 10 a Заглавие Предвыборные менасивы в политической коммуникации США: когнитивно-дискурсивный аспект
b Продолж. заглавия диссертация ... доктора филологических наук : 10.02.04 - Германский язык
c Ответственность О. В. Новоселова ; научный руководитель А. А. Ромнов ; Тверской государственный университет
260 c Дата издания 2022
a Место издания Тверь
b Издательство б. и.
300 a Объем 512 с.
b Иллюстрации/ тип воспроизводства ил., табл.
500 a Примечание На правах рукописи
653 0_ a Ключевые слова Германские языки
a Ключевые слова Английский язык
a Ключевые слова Германское языкознание
a Ключевые слова Языкознание
a Ключевые слова Язык и речь
a Ключевые слова Лингвистика
a Ключевые слова Лингвистическая стилистика
a Ключевые слова Речевое поведение
a Ключевые слова Речевое поведение
a Ключевые слова Диссертации
700 12 a Другие авторы Романов А. А.
c Титул (звание) д.ф.н., проф.
e Роль лиц научный руководитель
901 t Тип документа m
920 a Оператор Семен
a Оператор Петр
930 a Новая/Ретро новая
952 c Вид литературы Дис н
954 b Дата поступления в ОК 20231211
a Дата поступления на обработку 20240618
c Дата окончания ОНО 20240618